000 00364nam a2200169Ia 4500
100 _aChacko/Philip
650 _aGeneral
942 _cBK
366 _f20
654 _anano
245 _aSmall wonder the making of the nano
260 _bWestland Publisher
_c2010
082 _a385.34
_bCHA
300 _a149
546 _aENGLISH
_cproduction
999 _c21511
_d21511